000 00577nam a2200193 4500
003 SEACOMEC
005 20241219130624.0
008 231222b |||||||| |||| 00| 0 eng d
020 _c$7.50
_a0-07-295886-3
040 _aSEACOMEC
082 _a005.74
_bS582
100 _aSilberschatz,Abraham
245 1 _aDatabase system concepts /
_cAbraham Silberschatz, Henry F. Korth, Sudarshan,S.
250 1 _a5 th ed.
260 1 _aBoston
_bTata Mc Graw Hill
_c2006
650 _aComputer science,Data files and databases
700 _aKorth ,Henry F.,Sudarshan S.
942 _cBOOK
999 _c290
_d290